| 000 | 02202cam a2200265 4500 | ||
|---|---|---|---|
| 001 | ABS67829 | ||
| 008 | 040602n2004 000 0 eng u | ||
| 035 | _a(Sirsi) u126370 | ||
| 245 | _aRitchie Brothers (PWC) Ltd v David Philip (Commercials) Ltd | ||
| 260 | _c2004 | ||
| 490 |
_aConstruction Industry Law Letter _v[2004] CILL 2113-2116(4) |
||
| 520 | _aCA162/03, 14 Apr /2004. The pursuer R entered into a construction contract with the defender P, which ended in a dispute arising. An adjudicator was appointed under the procedures set out in the Scheme for Construction Contracts (Scotland) Regulations 1998. The adjudicator was required to reach his decision no later than 28 days after the date of the referral notice, unless the referring party consented to a longer period of 42 days. The undated referral notice was posted on 18 September 2003 by special delivery, but delivery was unsuccessful and the adjudicator did not collect the notice until 23 September. He finally delivered his decision on 27 October. P maintained that the decision was "ultra vires" because the period for giving it had expired on 16 October and that the adjudicator's jurisdiction had ceased five days prior to a request for more time, made on 21 October. The adjudicator maintained the relevant decision date was 27 October, the date of its delivery in writing. R argued the appropriate date was 23 September, when the referral notice had been received and that the referring party had consented to the extended period of 42 days. A decree "de plano" was granted to R. View judgment at www.scotscourt.gov.uk. | ||
| 590 | _aABS | ||
| 590 | _aABS | ||
| 650 | _aRITCHIE BROTHERS (PWC) LTD V DAVID PHILIP (COMMERCIALS) LTD | ||
| 650 | _aSCOTLAND | ||
| 650 | _aULTRA VIRES | ||
| 650 | _aSCHEME FOR CONSTRUCTION CONTRACTS (SCOTLAND) REGULATIONS 1998 | ||
| 650 | _aADJUDICATION | ||
| 650 | _aCONSTRUCTION CONTRACTS | ||
| 690 | _aDISPUTE RESOLUTION-CASE LAW | ||
| 856 |
_uhttps://www.scotcourts.gov.uk/opinions/cos-blu.gif _zView judgment on the Scottish Courts website... |
||
| 856 |
_uhttps://www.scotcourts.gov.uk/opinions/cos-blu.gif _zView judgment on the Scottish Courts website... |
||
| 942 | _n0 | ||
| 999 |
_c117441 _d117441 |
||